00752nam a2200217 a 450000100060000000300080000600500170001400800410003103500190007204000310009104100080012208200240013010000230015424501450017724600450032226000310036730000350039865000340043365000300046770000370049729041BD-RjUL20211209051350.0851003s1958 enk 000 0 eng d a(BD-RjUL)29126 aANLbengcANLdNUdBD-RjUL aeng04a150.3223bENC 19581 aEnglish, Horace B.12aA comprehensive dictionary of psychological and psychoanalytical terms :ba guide to usage /cby Horace B. English and Ava Champney English.3 aPsychological and psychoanalytical terms aLondon :bLongmans,cc1958 axiv, 594 p. :bIll. ; c21 Cm. 0aPsychoanalysisxDictionaries. 0aPsychologyxDictionaries.1 aEnglish, Ava Champney, jt. auth.